|
|
|
|
| LEADER |
00996nam a2200277 a 4500 |
| 001 |
000004699 |
| 003 |
CZ BrMZK |
| 005 |
20160616094723.0 |
| 007 |
ta |
| 008 |
930614s1993 xr a f c 000 m cze d |
| 020 |
|
|
|c 10.00
|
| 040 |
|
|
|a BOA001
|b cze
|
| 080 |
|
|
|a 75(437.1)"19":92 Kovařík, Jiří
|2 MRF
|
| 100 |
1 |
|
|a Losenický, Bronislav,
|d 1933-2006
|7 jn20001227322
|4 wfw
|
| 245 |
1 |
0 |
|a Jiří Kovařík :
|b Západočeská galerie v Plzni, výstavní síň Masné krámy /
|c [Text] Bronislav Losenický
|
| 260 |
|
|
|a Plzeň :
|b Západočeská galerie,
|c [1993]
|
| 300 |
|
|
|a Nestr. :
|b barev. obr.
|
| 500 |
|
|
|a Text též angl. a něm.
|
| 500 |
|
|
|a Katalog výstavy
|
| 653 |
0 |
|
|a malířství
|
| 700 |
1 |
|
|a Kovařík, Jiří,
|d 1932-1994
|7 jn20000728320
|4 art
|
| 910 |
|
|
|a BOA001
|b X-0990.559
|
| 962 |
|
|
|a 75(437.1)
|
| 964 |
|
|
|a Kovařík, Jiří - výstavy - r.1993 - katalogy
|
| 990 |
|
|
|a BK
|
| 996 |
6 |
|
|b 2610001112
|c X-0990.559
|l MZK
|r Sklad / do 24 hodin
|n 0
|p p.v.
|w 000004699
|u 000010
|a 1
|e BOA001
|j MZK50
|s P
|